|
|
|
|
| LEADER |
00779nam a2200193 a 4500 |
| 001 |
GR-MES3577 |
| 008 |
991111s gr 000 0 gre d |
| 040 |
|
|
|a GrPaTEI
|b gre
|c GR-PaULI
|
| 245 |
0 |
0 |
|a Ασκήσεις οικονομικής ορολογίας.
|
| 260 |
|
|
|a Πειραιάς :
|b Σταμούλης Α
|
| 300 |
|
|
|a 48σελ.
|
| 650 |
|
4 |
|a Οικονομία
|
| 650 |
|
4 |
|a ΟΙΚΟΝΟΜΙΚΗ ΟΡΟΛΟΓΙΑ
|
| 700 |
1 |
|
|a Πολυδώρου, Β.
|
| 710 |
0 |
|
|a Σταμούλης Α.Ε.
|
| 942 |
|
|
|2 ddc
|
| 952 |
|
|
|0 0
|1 0
|2 ddc
|4 0
|6 330_028000000000000_ΠΟΛ
|7 0
|9 268186
|a MSLG
|b MSLG
|c BSC
|d 2021-01-17
|e 24
|f 0
|g 0.00
|l 0
|o 330.028 ΠΟΛ
|p 2420000004894
|r 2021-01-17 00:00:00
|t 1
|w 2021-01-17
|y BK15
|x 19991111 0 1
|x GrPaTEI
|
| 971 |
|
|
|a .b25746224
|b 15-04-20
|c 13-09-16
|
| 999 |
|
|
|c 154484
|d 154484
|